000 00555nam a2200193Ia 4500
003 GCL
008 140319s9999 xx 000 0 ara d
040 _aGCL /
_cGCL
082 0 4 _a811.9
_bا ح
100 1 _aاحمد عبدالمعطى حجازى
245 1 0 _aحديث الثلاثاء /
_cاحمد عبدالمعطى حجازى
260 _a[S.N] :
_bدار المريخ للنشر ،
_c1988
300 _a300 ص
490 _a
650 0 4 _aالشعر العربى
650 0 4 _aالنقد
650 0 4 _aتاريخ ونقد
942 _2ddc
_cBK
999 _c37061
_d37061